[Event "GRENKE Chess Open 2018"]
[Site "Karlsruhe GER"]
[Date "2018.03.30"]
[Round "3.4"]
[White "Van Wely, Loek"]
[Black "Colpe, Malte"]
[Result "1-0"]
[WhiteTitle "GM"]
[BlackTitle "IM"]
[WhiteElo "2667"]
[BlackElo "2398"]
[WhiteFideId "1000268"]
[BlackFideId "24623075"]
[EventDate "2018.03.29"]

1. d4 d5 2. c4 e6 3. Nf3 Nf6 4. g3 Bb4+ 5. Nbd2 dxc4 6. Qc2 b5 7. a4 Bb7 8. axb5
Bxf3 9. exf3 Qxd4 10. Bxc4 Qe5+ 11. Kf1 Nbd7 12. Nb3 Qd6 13. Kg2 O-O 14. Rd1 Qe7
15. Be2 Bd6 16. Nd4 Nd5 17. Nc6 Qf6 18. Bd3 h6 19. Qe2 Ne5 20. Be4 Nxc6 21. bxc6
Bc5 22. Bb1 Rfd8 23. Qc2 Bd6 24. Ra4 Kf8 25. h4 Nb4 26. Qh7 a5 27. Be3 Ke7 28.
f4 Qxb2 29. Bd4 Qb3 30. Re1 Qd5+ 31. Re4 Nxc6 32. Ba2 Qh5 33. Qxg7 Nxd4 34.
Raxd4 Qg6 35. Rxe6+ 1-0

[Event "GRENKE Chess Open 2018"]
[Site "Karlsruhe GER"]
[Date "2018.03.30"]
[Round "3.5"]
[White "Keymer, Vincent"]
[Black "Korobov, Anton"]
[Result "1/2-1/2"]
[WhiteTitle "IM"]
[BlackTitle "GM"]
[WhiteElo "2403"]
[BlackElo "2664"]
[WhiteFideId "12940690"]
[BlackFideId "14105730"]
[EventDate "2018.03.29"]

1. d4 Nf6 2. c4 e6 3. Nf3 d5 4. Nc3 dxc4 5. e3 a6 6. a4 c5 7. Bxc4 Nc6 8. O-O
Be7 9. Qe2 O-O 10. Rd1 Qc7 11. dxc5 Bxc5 12. Bd2 b6 13. Bd3 Bb7 14. Ne4 Nxe4 15.
Bxe4 Qe7 16. Rac1 Rfd8 17. Bc3 Nb4 18. Bxb7 Qxb7 19. Bxb4 Bxb4 20. Ne5 Rxd1+ 21.
Qxd1 Rc8 22. g3 Be7 23. Rxc8+ Qxc8 24. Qf3 Bf6 25. Nc6 Qd7 26. b4 h6 27. b5 axb5
28. axb5 Qd3 1/2-1/2

[Event "GRENKE Chess Open 2018"]
[Site "Karlsruhe GER"]
[Date "2018.03.30"]
[Round "3.6"]
[White "Shirov, Alexei"]
[Black "Tomczak, Mikolaj"]
[Result "1/2-1/2"]
[WhiteTitle "GM"]
[BlackTitle "FM"]
[WhiteElo "2651"]
[BlackElo "2394"]
[WhiteFideId "2209390"]
[BlackFideId "1175114"]
[EventDate "2018.03.29"]

1. e4 e5 2. Nf3 Nc6 3. Bb5 a6 4. Ba4 Nf6 5. O-O Nxe4 6. d4 b5 7. Bb3 d5 8. dxe5
Be6 9. Be3 Be7 10. c3 O-O 11. Nbd2 Qd7 12. Re1 Rad8 13. Bc2 Bf5 14. Nxe4 Bxe4
15. Ng5 Bxg5 16. Bxg5 Qf5 17. Bxe4 Qxg5 18. Bd3 Nxe5 19. h4 Qf6 20. Bxh7+ Kxh7
21. Qh5+ Kg8 22. Qxe5 Qxe5 23. Rxe5 Rfe8 24. Rxe8+ Rxe8 25. Kf1 Kf8 26. a4 Re4
27. axb5 axb5 28. g3 d4 29. Rc1 dxc3 30. Rxc3 Rb4 31. Rxc7 1/2-1/2

[Event "GRENKE Chess Open 2018"]
[Site "Karlsruhe GER"]
[Date "2018.03.30"]
[Round "3.7"]
[White "Lagunow, Alexander"]
[Black "Fridman, Daniel"]
[Result "0-1"]
[WhiteTitle "IM"]
[BlackTitle "GM"]
[WhiteElo "2399"]
[BlackElo "2637"]
[WhiteFideId "4616049"]
[BlackFideId "11600454"]
[EventDate "2018.03.29"]

1. Nf3 Nf6 2. g3 b5 3. Bg2 Bb7 4. Na3 a6 5. c4 e5 6. b3 Bc5 7. O-O O-O 8. Nc2 d6
9. d3 Nbd7 10. Be3 bxc4 11. bxc4 Bxe3 12. Nxe3 Nc5 13. Qd2 Qd7 14. Rab1 Rab8 15.
Rb2 e4 16. Nd4 exd3 17. exd3 Bxg2 18. Rxb8 Rxb8 19. Kxg2 Ng4 20. Nxg4 Qxg4 21.
Nf3 h6 22. Re1 Qf5 23. Re3 Ne6 24. Re1 Qc5 25. Qc3 Qb4 26. Qxb4 Rxb4 27. Re2 a5
28. Rc2 c5 29. Rc3 a4 30. Ra3 Nd4 31. Nxd4 cxd4 32. g4 Kf8 33. Kf3 d5 34. cxd5
Ke7 35. Ke4 Kd6 36. f4 Kc5 37. Ke5 f6+ 38. Kf5 Kxd5 39. Kg6 Kc5 40. h4 Kb5 41.
Kxg7 Rb2 42. Kxh6 Rf2 43. f5 Rf4 44. Kg6 Rxg4+ 45. Kxf6 Rxh4 46. Ke5 Kb4 47.
Rxa4+ Kxa4 48. f6 Kb4 49. f7 Rh8 50. Kf6 Ka3 0-1

[Event "GRENKE Chess Open 2018"]
[Site "Karlsruhe GER"]
[Date "2018.03.30"]
[Round "3.8"]
[White "Gordievsky, Dmitry"]
[Black "Miedema, David"]
[Result "1-0"]
[WhiteTitle "GM"]
[BlackTitle "IM"]
[WhiteElo "2630"]
[BlackElo "2393"]
[WhiteFideId "24112798"]
[BlackFideId "1018477"]
[EventDate "2018.03.29"]

1. d4 e6 2. Nf3 Nf6 3. e3 c5 4. Bd3 Nc6 5. b3 Qc7 6. a3 d5 7. Bb2 Bd6 8. c4 dxc4
9. bxc4 O-O 10. O-O e5 11. d5 Ne7 12. Nc3 a6 13. h3 Bd7 14. a4 Rae8 15. Qc2 g6
16. Nd2 Nh5 17. Nce4 f5 18. Nxd6 Qxd6 19. Qc3 Nc8 20. f4 Nb6 21. fxe5 1-0

[Event "GRENKE Chess Open 2018"]
[Site "Karlsruhe GER"]
[Date "2018.03.30"]
[Round "3.9"]
[White "Kramer, Julian"]
[Black "Banusz, Tamas"]
[Result "0-1"]
[WhiteTitle "FM"]
[BlackTitle "GM"]
[WhiteElo "2394"]
[BlackElo "2618"]
[WhiteFideId "12921742"]
[BlackFideId "722413"]
[EventDate "2018.03.29"]

1. e4 e5 2. Nf3 Nc6 3. d4 exd4 4. Nxd4 Nf6 5. Nxc6 bxc6 6. e5 Qe7 7. Qe2 Nd5 8.
c4 Nb6 9. Nc3 Qe6 10. Qe4 g6 11. Bd3 Bg7 12. f4 O-O 13. O-O d5 14. cxd5 cxd5 15.
Qb4 f6 16. Nb5 Rf7 17. f5 gxf5 18. Bxf5 Qxe5 19. Bxc8 Rxc8 20. Nxa7 Ra8 21. Nc6
Qe4 22. Qxe4 dxe4 23. Rf5 Nc4 24. a4 Rd7 25. Bf4 Nxb2 26. a5 Nd3 27. Bg3 Kf7 28.
a6 Ke6 29. Rb5 f5 30. Ra4 Rd5 31. Rb1 Rc5 32. Nb4 Rb5 33. Bxc7 Bf8 34. Ba5 Rxa6
35. Nxa6 Rxb1+ 36. Be1 Rxe1# 0-1

[Event "GRENKE Chess Open 2018"]
[Site "Karlsruhe GER"]
[Date "2018.03.30"]
[Round "3.10"]
[White "Kozul, Zdenko"]
[Black "Skembris, Spyridon"]
[Result "1-0"]
[WhiteTitle "GM"]
[BlackTitle "GM"]
[WhiteElo "2617"]
[BlackElo "2389"]
[WhiteFideId "14502879"]
[BlackFideId "4200020"]
[EventDate "2018.03.29"]

1. d4 d5 2. c4 e6 3. Nf3 c5 4. cxd5 exd5 5. g3 Nc6 6. Bg2 Nf6 7. O-O Be7 8. dxc5
Bxc5 9. a3 O-O 10. b4 Bb6 11. Nc3 a6 12. Bg5 Be6 13. Bxf6 gxf6 14. Rc1 Re8 15.
Qd2 Kg7 16. Na4 Ba7 17. Nc5 Qe7 18. Nd4 Rac8 19. Nxc6 Rxc6 20. Nd3 Bb8 21. Rxc6
bxc6 22. Rc1 Bd7 23. e3 Bd6 24. Nc5 a5 25. Nxd7 Qxd7 26. bxa5 Bxa3 27. Rb1 Bc5
28. a6 Re7 29. Qc2 Qa7 30. Bf1 Rc7 31. Rb7 Rxb7 32. axb7 Bxe3 33. fxe3 Qxb7 34.
Qf5 Qb4 35. Kf2 Qd2+ 36. Be2 c5 37. Qd3 Qa2 38. h4 h6 39. Kf1 Qa1+ 40. Bd1 Qe5
41. Kf2 f5 42. Bf3 d4 43. exd4 cxd4 44. Qd2 Qc5 45. Kg2 Kg6 46. Qd3 Kf6 47. Be2
Qc6+ 48. Qf3 Qc2 49. Kf2 Kg6 50. Qd3 Qc5 51. Qb5 Qc3 52. Qa6+ Kg7 53. Qd3 Qc5
54. Bd1 Kf6 55. Bb3 Qa7 56. Qc4 Kg6 57. Kf3 Qb7+ 58. Qd5 Qa7 59. Bc2 Qa3+ 60.
Kg2 Qe3 61. Qxf5+ Kg7 62. Bd3 Qd2+ 63. Kh3 Qe3 64. Bc4 1-0

[Event "GRENKE Chess Open 2018"]
[Site "Karlsruhe GER"]
[Date "2018.03.30"]
[Round "3.11"]
[White "Papp, Gabor1"]
[Black "Engel, Luis"]
[Result "0-1"]
[WhiteTitle "GM"]
[WhiteElo "2604"]
[BlackElo "2389"]
[WhiteFideId "718602"]
[BlackFideId "12961523"]
[EventDate "2018.03.29"]

1. e4 c5 2. Nf3 d6 3. d4 cxd4 4. Nxd4 Nf6 5. Nc3 a6 6. Bg5 e6 7. f4 h6 8. Bh4
Qb6 9. Qd2 Qxb2 10. Rb1 Qa3 11. e5 dxe5 12. fxe5 g5 13. exf6 gxh4 14. Be2 Qa5
15. O-O Nd7 16. Kh1 Qg5 17. Qd3 Nc5 18. Qc4 Rg8 19. Bf3 Bd6 20. Rbe1 Bd7 21. Ne4
Nxe4 22. Rxe4 Rc8 23. Qd3 Rg6 24. Nxe6 Bxe6 25. Qxd6 Qxf6 26. Rfe1 Qe7 27. Qd4
Qc5 28. Qh8+ Ke7 29. Qb2 h3 30. Qxb7+ Rc7 31. Qxa6 hxg2+ 32. Bxg2 Ra7 33. Qe2
Rxa2 34. Rc4 Qa5 35. Qe4 Kf8 36. Rb4 Rg4 37. Rb8+ Kg7 38. Qe3 Rxc2 39. Rg1 Qd5
40. Bxd5 Bxd5+ 41. Rg2 Rcxg2 42. Qe5+ f6 43. Qe7+ Kg6 44. Qe8+ Bf7 45. Qe3 Rg1+ 0-1

[Event "GRENKE Chess Open 2018"]
[Site "Karlsruhe GER"]
[Date "2018.03.30"]
[Round "3.12"]
[White "Pfreundt, Jakob"]
[Black "Bindrich, Falko"]
[Result "0-1"]
[BlackTitle "GM"]
[WhiteElo "2394"]
[BlackElo "2602"]
[WhiteFideId "12918156"]
[BlackFideId "4676670"]
[EventDate "2018.03.29"]

1. Nf3 d5 2. g3 Bg4 3. Bg2 e6 4. O-O Nf6 5. h3 Bh5 6. c4 c6 7. d3 Bd6 8. cxd5
cxd5 9. Qb3 Qd7 10. Bg5 Nc6 11. Nbd2 Be7 12. Bf4 O-O 13. g4 Bg6 14. Ne5 Nxe5 15.
Bxe5 h5 16. Bf3 hxg4 17. hxg4 Bd6 18. d4 Rfc8 19. Rac1 Ne8 20. Kg2 Rc7 21. e4
Bxe5 22. dxe5 d4 23. Qd3 Rac8 24. Rxc7 Qxc7 25. Qxd4 Rd8 26. Qe3 Qxe5 27. Nc4
Qc7 28. Rc1 b5 29. Na3 Qe5 30. Rc5 Qxb2 31. Rxb5 Qxa2 32. Qxa7 f6 33. Rb7 Rd3
34. Nb5 Qd2 35. Qb8 Rd8 36. Qa7 Rd3 37. Qb8 Rxf3 38. Kxf3 e5 39. Qa7 Qd3+ 0-1

[Event "GRENKE Chess Open 2018"]
[Site "Karlsruhe GER"]
[Date "2018.03.30"]
[Round "3.13"]
[White "Sumets, Andrey"]
[Black "Lokander, Martin"]
[Result "1/2-1/2"]
[WhiteTitle "GM"]
[BlackTitle "FM"]
[WhiteElo "2590"]
[BlackElo "2379"]
[WhiteFideId "14105500"]
[BlackFideId "1709569"]
[EventDate "2018.03.29"]

1. Nf3 d5 2. d4 Nf6 3. c4 c6 4. e3 e6 5. Bd3 dxc4 6. Bxc4 Nbd7 7. O-O Bd6 8.
Nbd2 O-O 9. Bd3 c5 10. Re1 cxd4 11. exd4 Nb6 12. Ne4 Be7 13. Nxf6+ Bxf6 14. Qe2
Nd5 15. Qe4 g6 16. Bh6 Re8 17. Bc4 Bd7 18. Bxd5 exd5 19. Qxd5 Bc6 20. Rxe8+ Qxe8
21. Qb3 Qe4 22. Re1 Qd5 23. Qxd5 Bxd5 24. b3 a5 25. Ne5 a4 26. bxa4 Bg7 27. Bxg7
Kxg7 28. Nd7 Rxa4 29. Nb6 Rxd4 30. Nxd5 Rxd5 31. g3 1/2-1/2

[Event "GRENKE Chess Open 2018"]
[Site "Karlsruhe GER"]
[Date "2018.03.30"]
[Round "3.14"]
[White "Schmidek, Emil"]
[Black "Bernadskiy, Vitaliy"]
[Result "0-1"]
[WhiteTitle "FM"]
[BlackTitle "GM"]
[WhiteElo "2389"]
[BlackElo "2588"]
[WhiteFideId "12908150"]
[BlackFideId "14100371"]
[EventDate "2018.03.29"]

1. e4 Nf6 2. e5 Nd5 3. d4 d6 4. Nf3 dxe5 5. c4 Nf6 6. Nxe5 Nbd7 7. Bf4 Nxe5 8.
Bxe5 Nd7 9. Bf4 e5 10. dxe5 Bb4+ 11. Nc3 Bxc3+ 12. bxc3 Qe7 13. Qe2 O-O 14. g3
g5 15. Be3 Nxe5 16. Bg2 Bg4 17. f3 Rfe8 18. fxg4 Nxc4 19. Qxc4 Qxe3+ 20. Kf1
Rad8 21. Bd5 Re6 22. h4 Rf6+ 23. Kg2 Qd2+ 24. Kh3 Qxd5 25. Qxd5 Rxd5 26. Rad1
Rc5 27. Rhe1 gxh4 28. Re8+ Kg7 29. Rdd8 hxg3 30. Kxg3 Rxc3+ 31. Kh4 Rh6+ 32. Kg5
Rg6+ 33. Kf5 Rc5+ 34. Kf4 Rc4+ 35. Kf5 Rcxg4 36. Rg8+ Kh6 37. Rgf8 R6g5+ 38. Kf6
Rf4+ 39. Ke7 Re5+ 40. Kd7 Rd4+ 41. Kxc7 Re7+ 42. Kb8 Rxd8+ 43. Rxd8 b6 0-1

[Event "GRENKE Chess Open 2018"]
[Site "Karlsruhe GER"]
[Date "2018.03.30"]
[Round "3.15"]
[White "Buhmann, Rainer"]
[Black "Farago, Ivan"]
[Result "1-0"]
[WhiteTitle "GM"]
[BlackTitle "GM"]
[WhiteElo "2588"]
[BlackElo "2378"]
[WhiteFideId "4651340"]
[BlackFideId "700134"]
[EventDate "2018.03.29"]

1. e4 e6 2. d4 d5 3. Nc3 Bb4 4. e5 c5 5. a3 Bxc3+ 6. bxc3 Ne7 7. Nf3 Qa5 8. Bd2
Nbc6 9. h4 Bd7 10. h5 h6 11. Be2 c4 12. Nh4 O-O-O 13. Bg4 Rdf8 14. g3 g5 15.
hxg6 fxg6 16. Ng2 g5 17. f4 Nf5 18. Bxf5 exf5 19. Kf2 Nd8 20. Qb1 Ne6 21. Qb4
Qxb4 22. axb4 a6 23. Rh2 h5 24. fxg5 f4 25. Nxf4 Nxg5 26. Ke3 Bg4 27. Ra5 Ne4
28. Be1 Ng5 29. Rxd5 Nf3 30. Rh1 Nxe1 31. Rxe1 h4 32. gxh4 Rxh4 33. e6 Rh7 34.
Rc5+ Kb8 35. Re5 Kc7 36. Rg1 Rh4 37. Rg5 Bh3 38. Ng6 1-0

[Event "GRENKE Chess Open 2018"]
[Site "Karlsruhe GER"]
[Date "2018.03.30"]
[Round "3.16"]
[White "Winterberg, Lukas"]
[Black "Lagarde, Maxime"]
[Result "0-1"]
[WhiteTitle "FM"]
[BlackTitle "GM"]
[WhiteElo "2388"]
[BlackElo "2587"]
[WhiteFideId "24622702"]
[BlackFideId "662399"]
[EventDate "2018.03.29"]

1. d4 f5 2. Nf3 Nf6 3. g3 g6 4. Bg2 Bg7 5. O-O O-O 6. Nbd2 d6 7. Re1 Nh5 8. c3
e5 9. dxe5 dxe5 10. Nc4 e4 11. Nd4 Qe7 12. e3 c5 13. Ne2 Rd8 14. Qc2 Nc6 15. b4
Be6 16. Na5 Ne5 17. bxc5 b6 18. cxb6 axb6 19. Nb3 Nf6 20. Nbd4 Bc4 21. a4 Qf7
22. Ba3 Bd3 23. Qd1 Nd5 24. Bb4 Bc4 25. Qd2 Nf3+ 26. Bxf3 exf3 27. Nc1 f4 28.
gxf4 g5 29. fxg5 Qh5 30. Nce2 Bxe2 31. Nxe2 Qh3 0-1

[Event "GRENKE Chess Open 2018"]
[Site "Karlsruhe GER"]
[Date "2018.03.30"]
[Round "3.17"]
[White "Sadzikowski, Daniel"]
[Black "Ondersteijn, Niels"]
[Result "1-0"]
[WhiteTitle "GM"]
[BlackTitle "FM"]
[WhiteElo "2583"]
[BlackElo "2376"]
[WhiteFideId "1132253"]
[BlackFideId "1011162"]
[EventDate "2018.03.29"]

1. Nf3 g6 2. e4 c5 3. c4 Nc6 4. d4 cxd4 5. Nxd4 Nf6 6. Nc3 Nxd4 7. Qxd4 d6 8. f3
Bg7 9. Be3 O-O 10. Qd2 a5 11. b3 Be6 12. Rc1 Nd7 13. Be2 Nc5 14. O-O Qb6 15. Nb5
Rfc8 16. Kh1 Qd8 17. Rfd1 Qf8 18. Re1 Bd7 19. Nc3 Bc6 20. Bf1 Rd8 21. Nd5 e6 22.
Nc3 h5 23. Ne2 Kh7 24. Nd4 e5 25. Nb5 Bh6 26. Nc7 Ra7 27. Red1 Bxe3 28. Qxe3 b6
29. Nd5 Bxd5 30. Rxd5 Qh6 31. Qxh6+ Kxh6 32. Rcd1 Rad7 33. g3 Ne6 34. Bh3 Kg7
35. Bxe6 fxe6 36. Rb5 Rb7 37. c5 Rdb8 38. cxd6 Kf6 39. Rc1 g5 40. Kg2 1-0

[Event "GRENKE Chess Open 2018"]
[Site "Karlsruhe GER"]
[Date "2018.03.30"]
[Round "3.18"]
[White "Kekelidze, Mikheil"]
[Black "Heimann, Andreas"]
[Result "1-0"]
[WhiteTitle "GM"]
[BlackTitle "GM"]
[WhiteElo "2383"]
[BlackElo "2574"]
[WhiteFideId "13600818"]
[BlackFideId "24624632"]
[EventDate "2018.03.29"]

1. Nf3 Nf6 2. c4 c5 3. Nc3 Nc6 4. e3 e6 5. d4 d5 6. a3 dxc4 7. Bxc4 cxd4 8. exd4
Be7 9. O-O O-O 10. Re1 b6 11. d5 Na5 12. Ba2 Nxd5 13. Nxd5 exd5 14. Qxd5 Be6 15.
Qxd8 Raxd8 16. Bxe6 fxe6 17. Bg5 Bxg5 18. Nxg5 Rd2 19. f3 Nb3 20. Rad1 Re8 21.
Rxd2 Nxd2 22. Re2 Nc4 23. a4 h6 24. Ne4 Rd8 25. Rc2 Rd4 26. Kf2 Nd6 27. Nxd6
Rxd6 28. Ke3 Rd7 29. b4 Kf7 30. h4 Kf6 31. Rc4 Rd1 32. b5 Ra1 33. h5 Ra3+ 34.
Kf4 Ra2 35. g4 Ra3 36. Kg3 g6 37. Rf4+ Kg5 38. hxg6 Kxg6 39. Kh4 e5 40. Rf5 e4
41. fxe4 Rxa4 42. e5 Rb4 43. Rf6+ Kg7 44. Kg3 Rxb5 45. Kf4 a5 46. Kf5 a4 47. Rc6
a3 48. Rc7+ Kg8 49. Rc8+ Kf7 50. Rc7+ Ke8 51. Ke6 Kd8 52. Ra7 Ra5 53. Rxa5 bxa5
54. Kf7 a2 55. e6 a1=Q 56. e7+ Kc7 57. e8=Q Qd4 58. Qa8 Qf4+ 59. Kg6 Qxg4+ 60.
Kxh6 Qf4+ 61. Kg6 Kb6 62. Qd8+ Qc7 63. Qd4+ Qc5 64. Qb2+ Qb5 65. Qd4+ Ka6 66.
Qe4 a4 67. Qa8+ Kb6 68. Qd8+ Kb7 69. Qd1 a3 70. Kh7 Qf5+ 71. Kh8 Qh3+ 72. Kg8
Qg3+ 73. Kh7 Qh3+ 74. Kg8 Qg2+ 75. Kh8 Qb2+ 1-0

[Event "GRENKE Chess Open 2018"]
[Site "Karlsruhe GER"]
[Date "2018.03.30"]
[Round "3.19"]
[White "Zeller, Frank"]
[Black "Mikhalevski, Victor"]
[Result "1-0"]
[WhiteTitle "IM"]
[BlackTitle "GM"]
[WhiteElo "2383"]
[BlackElo "2557"]
[WhiteFideId "4613007"]
[BlackFideId "2801914"]
[EventDate "2018.03.29"]

1. e4 e5 2. Nf3 Nc6 3. Bb5 a6 4. Ba4 g6 5. d4 exd4 6. Nxd4 Bg7 7. Nxc6 bxc6 8.
O-O Ne7 9. Nc3 O-O 10. Bb3 d6 11. Be3 Kh8 12. Qd2 Ng8 13. Rad1 f5 14. Bd4 Bxd4
15. Qxd4+ Qf6 16. Rfe1 Qxd4 17. Rxd4 Nf6 18. e5 Re8 19. f4 Bb7 20. Rb4 Ra7 21.
Ba4 Re6 22. Re2 Nh5 23. exd6 Rxe2 24. Nxe2 cxd6 25. Rb6 c5 26. Rxd6 Be4 27. c4
Re7 28. Bd1 Bc2 29. Kf2 Bxd1 30. Rxd1 Re4 31. Rd8+ Kg7 32. Rd7+ Kh6 33. g3 Nf6
34. Ra7 Ng4+ 35. Ke1 Nxh2 36. Rxa6 Rxc4 37. Kd1 Ng4 38. Ra3 Nf2+ 39. Ke1 Ne4 40.
Kd1 Rb4 41. Kc2 Rb7 42. Re3 Kh5 43. a4 Ra7 44. Ra3 Ra5 45. Kd3 Nd6 46. Kc3 Kg4
47. b4 Ne4+ 48. Kc4 Nd2+ 49. Kc3 Nb1+ 50. Kb3 Nd2+ 51. Kc3 Ne4+ 52. Kc4 Nd6+ 53.
Kb3 cxb4 54. Kxb4 Rd5 55. a5 Rd2 56. Nc3 Rb2+ 57. Kc5 Nb7+ 58. Kd4 Nxa5 59. Rxa5
Kxg3 60. Nd5 Rb7 61. Ra3+ Kg4 62. Ke5 1-0

[Event "GRENKE Chess Open 2018"]
[Site "Karlsruhe GER"]
[Date "2018.03.30"]
[Round "3.20"]
[White "Demuth, Adrien"]
[Black "Wenninger, Philipp"]
[Result "1/2-1/2"]
[WhiteTitle "GM"]
[WhiteElo "2551"]
[BlackElo "2364"]
[WhiteFideId "642274"]
[BlackFideId "4648404"]
[EventDate "2018.03.29"]

1. Nf3 d5 2. g3 Nf6 3. Bg2 c6 4. c4 Bg4 5. Ne5 Be6 6. cxd5 Bxd5 7. Nf3 c5 8. Nc3
Bc6 9. O-O e6 10. Qc2 Nbd7 11. e4 e5 12. a4 g6 13. d3 Bg7 14. Rb1 O-O 15. Nd2
Qe7 16. Nc4 Rac8 17. f4 exf4 18. Bxf4 Qe6 19. Rbe1 Ng4 20. Bh3 Bd4+ 1/2-1/2

[Event "GRENKE Chess Open 2018"]
[Site "Karlsruhe GER"]
[Date "2018.03.30"]
[Round "3.21"]
[White "Kerigan, Demre"]
[Black "Santos Latasa, Jaime"]
[Result "0-1"]
[WhiteTitle "IM"]
[BlackTitle "IM"]
[WhiteElo "2367"]
[BlackElo "2549"]
[WhiteFideId "6307841"]
[BlackFideId "2293307"]
[EventDate "2018.03.29"]

1. e4 e5 2. Nf3 Nc6 3. Nc3 Nf6 4. d4 exd4 5. Nxd4 Bb4 6. Nxc6 bxc6 7. Bd3 d5 8.
exd5 O-O 9. O-O cxd5 10. h3 c6 11. Qf3 Re8 12. Bf4 Bd6 13. Rfe1 Be6 14. Rad1 Qb8
15. Bxd6 Qxd6 16. Ne2 Bd7 17. Qf4 Qxf4 18. Nxf4 Kf8 19. c4 Rxe1+ 20. Rxe1 Rb8
21. b3 a5 22. cxd5 cxd5 23. Re5 Bc6 24. Bc2 h6 25. a3 Nd7 26. Re1 Nc5 27. Rb1
Ke7 28. f3 Kd6 29. Ne2 Ne6 30. Kf2 Bb5 31. Nc3 Bc6 32. Ne2 Bb5 33. Nc3 Nd4 34.
Bd1 Ba6 35. b4 Bd3 36. Rb2 Bc4 37. Rd2 axb4 38. axb4 Nb5 39. Nxb5+ Rxb5 40. Rb2
d4 41. f4 g5 42. Rd2 d3 43. fxg5 hxg5 44. Be2 Rf5+ 45. Bf3 Re5 46. g3 Re8 47. g4
Bb5 48. Bg2 Ke5 49. Ke3 f5 50. gxf5 Kxf5+ 51. Kd4 Re2 52. Kc3 Kf4 53. Bd5 Ke3
54. Rd1 Rc2+ 55. Kb3 Kd4 56. Be6 Re2 57. Bf7 d2 58. Bh5 Rg2 59. Bg4 Ke5 0-1

[Event "GRENKE Chess Open 2018"]
[Site "Karlsruhe GER"]
[Date "2018.03.30"]
[Round "3.23"]
[White "Kuljasevic, Davorin"]
[Black "Fries-Nielsen, Jens Ove"]
[Result "1/2-1/2"]
[WhiteTitle "GM"]
[BlackTitle "IM"]
[WhiteElo "2538"]
[BlackElo "2359"]
[WhiteFideId "14506661"]
[BlackFideId "1400142"]
[EventDate "2018.03.29"]

1. d4 g6 2. c4 Bg7 3. e4 e6 4. Nc3 Ne7 5. Nf3 d5 6. e5 Nbc6 7. Bg5 h6 8. Be3 b6
9. Be2 Bb7 10. Rc1 dxc4 11. Bxc4 Nf5 12. O-O O-O 13. Qd2 Nce7 14. Be2 Nd5 15.
Nxd5 Bxd5 16. Qc3 c6 17. Rfd1 1/2-1/2

[Event "GRENKE Chess Open 2018"]
[Site "Karlsruhe GER"]
[Date "2018.03.30"]
[Round "3.24"]
[White "Malakhatko, Vadim"]
[Black "Coenen, Michael"]
[Result "1-0"]
[WhiteTitle "GM"]
[BlackTitle "FM"]
[WhiteElo "2536"]
[BlackElo "2358"]
[WhiteFideId "14104202"]
[BlackFideId "4697367"]
[EventDate "2018.03.29"]

1. c4 e6 2. g3 d5 3. Bg2 Nf6 4. Nf3 Be7 5. O-O O-O 6. d4 dxc4 7. Ne5 Nc6 8. Nxc6
bxc6 9. Na3 Bxa3 10. bxa3 Nd5 11. Qa4 Nb6 12. Qa5 Nd5 13. Rb1 Qe7 14. e4 Nb6 15.
Bd2 Re8 16. Bb4 Qd8 17. Rfd1 e5 18. dxe5 Qg5 19. f4 Qh5 20. f5 g6 21. e6 fxe6
22. Qe5 gxf5 23. Bc3 Qg6 24. Bf3 Nd7 25. Rxd7 Bxd7 26. Bh5 1-0

[Event "GRENKE Chess Open 2018"]
[Site "Karlsruhe GER"]
[Date "2018.03.30"]
[Round "3.25"]
[White "Sawlin, Leonid"]
[Black "Kollars, Dmitrij"]
[Result "1-0"]
[WhiteTitle "FM"]
[BlackTitle "GM"]
[WhiteElo "2359"]
[BlackElo "2534"]
[WhiteFideId "4689542"]
[BlackFideId "12909572"]
[EventDate "2018.03.29"]

1. e4 e5 2. Nf3 Nc6 3. Bc4 Nf6 4. d3 Be7 5. O-O O-O 6. Re1 d6 7. a4 Be6 8. Na3
Qd7 9. c3 Rfe8 10. Bxe6 Qxe6 11. d4 exd4 12. cxd4 d5 13. Nb5 Bd8 14. Ng5 Qd7 15.
e5 Ne4 16. Nxe4 dxe4 17. Be3 Be7 18. Qc2 a6 19. Nc3 Nxd4 20. Bxd4 Qxd4 21. Rxe4
Qc5 22. Qb3 Qb6 23. Qxb6 cxb6 24. Nd5 Rad8 25. Rd1 Kf8 26. Kf1 Rd7 27. Ke2 Red8
28. Nc3 Bc5 29. Rxd7 Rxd7 30. b3 Ke7 31. Rc4 Ke6 32. f4 f6 33. exf6 gxf6 34. Ne4
Be7 35. g4 f5 36. gxf5+ Kxf5 37. Ng3+ Kg4 38. f5+ Kg5 39. Re4 Bc5 40. h4+ Kf6
41. Re6+ Kf7 42. Ne4 Rd5 43. Ng5+ Kf8 44. b4 Bxb4 45. Rxb6 Re5+ 46. Kd3 Ba5 47.
Rxb7 Rxf5 48. Ne6+ Kg8 49. Rg7+ Kh8 50. Ra7 h6 51. Rxa6 Be1 52. Ke4 Rh5 53. Nf4
Rxh4 54. Kf5 Kg8 55. Nd5 Rh5+ 56. Ke6 Rh2 57. Nf4 Bd2 58. Ra8+ Kg7 59. Ra7+ Kg8
60. Nd5 Re2+ 61. Kd6 Kf8 62. a5 Bxa5 63. Rxa5 Re1 64. Ra7 h5 65. Nf4 h4 66. Ng6+
Ke8 67. Nxh4 Rd1+ 68. Ke6 Re1+ 69. Kf6 Kd8 70. Ng6 Rb1 71. Ne7 Re1 72. Nc6+ Kc8
73. Ne7+ Kd8 74. Nc6+ Kc8 75. Ne7+ 1-0

[Event "GRENKE Chess Open 2018"]
[Site "Karlsruhe GER"]
[Date "2018.03.30"]
[Round "3.26"]
[White "Lampert, Jonas"]
[Black "Schitco, Ivan"]
[Result "1/2-1/2"]
[WhiteTitle "IM"]
[BlackTitle "FM"]
[WhiteElo "2532"]
[BlackElo "2353"]
[WhiteFideId "1303759"]
[BlackFideId "13905465"]
[EventDate "2018.03.29"]

1. e4 c6 2. d4 d5 3. Nc3 dxe4 4. Nxe4 Bf5 5. Ng3 Bg6 6. c3 e6 7. Nh3 Nf6 8. Nf4
Bd6 9. h4 Qc7 10. Qf3 Nbd7 11. h5 Bc2 12. h6 g6 13. Bd3 Bxd3 14. Nxd3 Qa5 15.
Bf4 Bxf4 16. Qxf4 g5 17. Qe3 O-O-O 18. Ne4 Nxe4 19. Qxe4 f5 20. Qe3 Qd5 21. O-O
f4 22. Qe2 Rhf8 23. Rfe1 Rf6 24. Ne5 Nxe5 25. dxe5 f3 26. gxf3 Rf4 27. Rad1 Qxf3
28. Rxd8+ Kxd8 29. Qxf3 Rxf3 30. Kg2 Rf4 31. Re3 Ke7 32. Rg3 Rf5 33. Re3 b5 34.
b4 Kf7 35. Rd3 Rxe5 36. Rd7+ Kg6 37. Rc7 Kxh6 38. Rxc6 g4 39. Ra6 Kg5 40. Rxa7
Re2 41. Rxh7 Rxa2 42. Rg7+ Kf4 43. Rf7+ Ke4 44. Rb7 Kf4 45. Rf7+ Ke5 1/2-1/2